000 00974nam a22002057a 4500
999 _c329572
_d329572
003 NUST
005 20170515114909.0
008 150822b xxu||||| |||| 00| 0 eng d
020 _a8121929784
040 _c0
082 _a541.3 BAH
100 _95404
_aBahl, Arun
245 _aEssentials of physical chemistry:
_cArun Bahl
_b (a textbook for B. Sc classes as per UGC model syllabus).
260 _cc.2011
_aRam Nagar, New Delhi
_bS.Chand & Compny
300 _a1144p.
500 _aP.B
650 _95409
_aChemistry, Physical and theoretical
_xME / EE
942 _2ddc
_cBK
_k541.3 BAH